|
|
|
|
| LEADER |
00000cam a2200000 a 4500 |
| 001 |
1/123765 |
| 008 |
211020s2020####gr ||||||| |||| ||gre|| |
| 020 |
|
|
|a 9789601679747
|
| 040 |
|
|
|a GR-MyUa
|b gre
|c GR-MyUa
|e AACR2
|
| 041 |
0 |
|
|a gre
|
| 082 |
7 |
|
|a 306.8
|2 (23)
|
| 100 |
1 |
|
|a Παπανικολάου, Δημήτρης.
|
| 245 |
1 |
0 |
|a Κάτι τρέχει με την οικογένεια :
|b έθνος, πόθος και συγγένεια την εποχή της κρίσης /
|c Δημήτρης Παπανικολάου.
|
| 250 |
|
|
|a 2η έκδ.
|
| 260 |
|
|
|a Αθήνα :
|b Πατάκης,
|c 2020.
|
| 300 |
|
|
|a 447 σ. ;
|c 21 εκ.
|
| 650 |
|
0 |
|a Families in literature
|y 20th century.
|
| 650 |
|
0 |
|a Families in motion
|y 20th century.
|
| 852 |
|
|
|a INST
|b LESVOS
|e 20211020
|h 306.8 ΠΑΠ
|p 005100063117
|q 005100063117
|t BK
|y 0
|
| 970 |
|
|
|a Δημάκη
|b Μαρία
|z 20-10-2021
|